Toy story: a friend is . . . / (Record no. 102543)
[ view plain ]
| 000 -LEADER | |
|---|---|
| fixed length control field | 00669nam a2200169 a 4500 |
| 005 - DATE AND TIME OF LATEST TRANSACTION | |
| control field | 20140412111238.0 |
| 008 - FIXED-LENGTH DATA ELEMENTS--GENERAL INFORMATION | |
| fixed length control field | 010710s19uu xx 00 eng d |
| 020 ## - INTERNATIONAL STANDARD BOOK NUMBER | |
| International Standard Book Number | 1-57082-512-2 |
| 050 ## - LIBRARY OF CONGRESS CALL NUMBER | |
| Classification number | ER |
| Item number | To55fr 1996 |
| 100 ## - MAIN ENTRY--PERSONAL NAME | |
| Personal name | Parent, Nancy |
| 245 ## - TITLE STATEMENT | |
| Title | Toy story: a friend is . . . / |
| Statement of responsibility, etc | written by Nancy Parent. |
| 260 ## - PUBLICATION, DISTRIBUTION, ETC. (IMPRINT) | |
| Place of publication, distribution, etc | U. S. A : |
| Name of publisher, distributor, etc | Disney Enterprises, Inc, |
| Date of publication, distribution, etc | 1996. |
| 300 ## - PHYSICAL DESCRIPTION | |
| Extent | 1v. (unp.) ; ill. |
| 520 ## - SUMMARY, ETC. | |
| Summary, etc | True Blue Friends Woody and Buzz are friends to the end. How did this happen? The TOY STORY toys shows what friendship is really all about with page after page of increadible art right from the film! |
| 650 ## - SUBJECT ADDED ENTRY--TOPICAL TERM | |
| Topical term or geographic name as entry element | Toy story-Movies |
| Withdrawn status | Lost status | Damaged status | Use restrictions | Home library | Current library | Shelving location | Date acquired | Source of acquisition | Total Checkouts | Full call number | Barcode | Date last seen | Price effective from | Koha item type |
|---|---|---|---|---|---|---|---|---|---|---|---|---|---|---|
| Elizalde Library | Elizalde Library | Easy Reading Section | 07/10/2001 | ER To55fr 1996 | E2012 | 04/12/2014 | 04/12/2014 | Books |